00680nam a2200193Ia 4500008004100000020001500041082001500056100002300071245007000094250000800164260004600172300003100218500001900249600002700268650005000295942000700345952011700352999001700469240925s9999 xx 000 0 und d a8177589938 a004.22 STA aStallings, William 0aComputer Organization and Architecture: designing for performance a7th aNew Delhi:bPearson Printice Hallc,2006. axxviii,1134p.bNAfPirated aIncludes Index aEngineering Technology aComputer science, information & general works cBK 001040708ETaUITUbUITUd2008-08-21eF.B.Cg450.00l0o004.22 STApQ7528r2024-09-25 07:14:38w2024-09-25yBK c10027d10027